Khoa học môi trường

Giới thiệu các vấn đề chung về khoa học môi trường. Các thành phần cơ bản của môi trường; hệ sinh thái và sự vận dụng các nguyên lý sinh thái học vào môi trường. Tác động của con người đối với con người đối với môi trường. Vấn đề ô nhiễm môi trường, vấn đề lương thực, nạn đói trên thế giới và bảo vệ...

ver descrição completa

Na minha lista:
Detalhes bibliográficos
Autor principal: Lê Văn Khoa
Outros Autores: Hoàng Xuân Cơ (Tác giả), Nguyễn Văn Cư (Tác giả), Nguyễn Xuân Cự (Tác giả), Lê Đức (Tác giả)
Formato: Livro
Idioma:Vietnamese
Publicado em: H. Giáo dục 2003
Edição:Tái bản lần thứ 1
Assuntos:
Tags: Adicionar Tag
Sem tags, seja o primeiro a adicionar uma tag!
Thư viện lưu trữ: Mạng thư viện Đại học Đà Nẵng
LEADER 01965nam a22004458a 4500
001 000009028
003 5222
005 20111024151017.0
008 111024s2003 b 000 0 vieod
020 |c 41500đ  |d 1500b 
041 0 |a vie 
080 |a 50(075.3) 
082 |a 363.7  |b LÊ-K 
084 |a B1z73  |b KH401H 
100 1 |a Lê Văn Khoa 
245 1 0 |a Khoa học môi trường  |c B.s: Lê Văn Khoa (ch.b), Hoàng Xuân Cơ, Nguyễn Văn Cư.. 
250 |a Tái bản lần thứ 1 
260 |a H.  |b Giáo dục  |c 2003 
300 |a 362tr : hình vẽ, bảng  |c 27cm 
500 |a ĐTTS ghi: Bộ Giáo dục và Đào tạo. - Phụ lục: tr. 337-352. - Thư mục: tr. 353-358 
520 |a Giới thiệu các vấn đề chung về khoa học môi trường. Các thành phần cơ bản của môi trường; hệ sinh thái và sự vận dụng các nguyên lý sinh thái học vào môi trường. Tác động của con người đối với con người đối với môi trường. Vấn đề ô nhiễm môi trường, vấn đề lương thực, nạn đói trên thế giới và bảo vệ môi trường.. 
653 |a Môi trường 
653 |a Ô nhiễm môi trường 
653 |a Bảo vệ môi trường 
653 |a Giáo trình 
700 1 |a Hoàng Xuân Cơ  |e Tác giả 
700 1 |a Nguyễn Văn Cư  |e Tác giả 
700 1 |a Nguyễn Xuân Cự  |e Tác giả 
700 1 |a Lê Đức  |e Tác giả 
910 |a Nguyễn Thị Kim Oanh  |d 24/10/2011 
OWN |a LSP 
AVA |a UDN50  |b LSP  |d 363.7 LÊ-K  |e available  |t Error 5001 Not defined in file expand_doc_bib_avail.  |f 7  |g 0  |h N  |i 0  |k 1 
999 |a From the UDN01 
AVA |a UDN50  |b LSP  |d 363.7 LÊ-K  |e available  |t Error 5001 Not defined in file expand_doc_bib_avail.  |f 7  |g 0  |h N  |i 0  |k 1 
TYP |a Monograph 
TYP |a Printed language 
980 |a Mạng thư viện Đại học Đà Nẵng